Esquire

Bibliographic Details
Previous Title:Esquire fortnightly
Format: Electronic Journal
Language:English
Published: New York : Esquire Pub., 1979-
NY, NY : Hearst Communications
Subjects:
Online Access:Full text available from Research Library: 01/01/1996 to present

MARC

LEADER 00000nas a2200000 i 4500
001 ssj0001527
003 WaSeSS
005 20200512172242.0
006 m d
007 cr n
008 790710c19799999nyubx p s 0 a0eng c
010 |a  82647273   |z sn 79000625  
016 7 |a 100972715  |2 DNLM 
016 7 |a 007855518  |2 Uk 
022 |l 0194-9535  |y 0194-9535 
032 |a 561910  |b USPS 
035 |a (WaSeSS)ssj0001527 
037 |b Hearst Communications, Inc., 300 West 57th St., NY, NY 10019 
040 |a NSD  |b eng  |c NSD  |d HUL  |d IUL  |d NSD  |d PIT  |d MUL  |d NST  |d DLC  |d NST  |d DLC  |d NST  |d AIP  |d NSD  |d AIP  |d NST  |d AIP  |d NSD  |d NST  |d AIP  |d NST  |d OCL  |d NST  |d HUL  |d NSD  |d NST  |d DLC  |d NST  |d HUL  |d SYS  |d GUA  |d NLM  |d OCLCQ  |d NLGGC  |d WPG  |d OCLCQ  |d INU  |d UKMGB  |d OCLCQ  |d OCLCF  |d OCLCO  |d OVY  |d OCLCO  |d TPA  |d AVA  |d RIHPL  |d OCLCA  |d OCLCQ  |d OCLCO  |d IUL  |d NDD  |d IUL  |d JX9  |d COD  |d OCLCQ  |d OCLCO  |d BUF  |d OCLCO  |d WaSeSS 
042 |a pcc  |a nsdp 
050 0 0 |a AP2  |b .E845 
082 0 4 |a 051  |2 19 
130 0 |a Esquire (New York, N.Y.) 
210 0 |a Esquire  |b (1979) 
222 0 |a Esquire  |b (1979) 
245 1 0 |a Esquire  |h [electronic resource]. 
260 |a New York :  |b Esquire Pub.,  |c 1979- 
260 3 |3 <June/July 2010-> :  |a NY, NY :  |b Hearst Communications 
310 |a Eight times a year,  |b 2019- 
321 |a Monthly,  |b 1979-2009 
321 |a Monthly with combined issue in June/July,  |b 2010-2014 
321 |a Ten times a year,  |b 2015-2018 
362 0 |a Vol. 92, no. 2 (Aug. 1979)- 
500 |a Title from cover. 
506 |a License restrictions may limit access. 
515 |a Vol. 170 (Oct.-Nov. 2018) complete in two issues. 
580 |a Issued also in an Italian-language ed. (with different textual content), published: Milano : Esquire, 1990- 
588 1 |a Volume 171, no. 1 (April 2019). 
650 0 |a Popular culture  |v Periodicals. 
650 0 |a Fashion  |v Periodicals. 
650 7 |a Fashion.  |2 fast  |0 (OCoLC)fst00921600 
650 7 |a Popular culture.  |2 fast  |0 (OCoLC)fst01071344 
650 1 7 |a Politiek.  |2 gtt 
650 1 7 |a Cultuur.  |2 gtt 
655 0 |a Electronic journals. 
775 0 8 |i Italian language version:  |t Esquire (Milan, Italy)  |x 2611-7835  |w (DLC) 91648517  |w (OCoLC)23074807 
776 0 8 |i Microfilm version:  |t Esquire (New York, N.Y.).  |d University Microfilms International  |x 0194-9535  |w (DLC)sf 90092170  |w (OCoLC)6156652 
780 0 0 |t Esquire fortnightly  |x 0884-5220  |w (DLC) 82647272  |w (OCoLC)4443731 
850 |a AzU  |a CNoS  |a CU-A  |a CaMWUC  |a CoU  |a CtY  |a DLC  |a GEU  |a INS  |a KMK  |a MH  |a MiDW  |a MnU  |a MoU  |a NNStJ  |a NcD  |a NcRS  |a NjP  |a NjR  |a NvU  |a P  |a PU  |a TxCM  |a ViBlbV  |a WU 
853 2 3 |8 1  |a v.  |b no.  |u 6  |v r  |i (year)  |j (month)  |w m  |x 01,07 
856 4 0 |z Full text available from Research Library: 01/01/1996 to present  |u https://search.proquest.com/publication/24940 
863 4 0 |8 1.1  |a <92>  |b <2>  |i <1979>  |j <08>